|
|
|
|
| LEADER |
00000nab a2200000 a 4500 |
| 001 |
vtls000883508 |
| 003 |
SK-MaSNL |
| 005 |
20260426100241.0 |
| 008 |
250429c2004 xo 0 slo |
| 015 |
|
|
|a SNBRB2004/09-25622
|
| 035 |
|
|
|a CLN000234984
|
| 035 |
|
|
|a urn:nbn:sk:snk-ab9ktb
|
| 035 |
|
|
|a (urnnbn)urn:nbn:sk:snk:ar-a08ii0
|
| 035 |
|
|
|a (uuid)885b9585-6f44-4774-aa63-bd30fac08a25
|
| 040 |
|
|
|a SNKBUCL
|b slo
|c SNKBUCL
|e AACR2
|
| 041 |
0 |
|
|a slo
|
| 044 |
|
|
|a xo
|c SK
|
| 080 |
|
|
|a 94(450)-051"17"
|2 1997
|
| 080 |
|
|
|a 929 Casanova, Giovanni Giacomo
|2 1997
|
| 080 |
|
|
|a 82:929:821.131.1
|2 1997
|
| 080 |
|
|
|a 821.131.1:929
|2 1997
|
| 100 |
1 |
|
|a Tomčík, Vladimír,
|d 1950-
|4 aut
|9 87397
|
| 245 |
1 |
0 |
|a Casanova v Bratislave
|c Vladimír Tomčík
|
| 300 |
|
|
|b Fotogr.
|
| 600 |
1 |
7 |
|a Casanova, Giacomo,
|d 1725-1798
|2 snkbucl
|9 238540
|
| 648 |
|
7 |
|a 1753
|2 SNKPH
|9 1565684
|
| 651 |
|
7 |
|a Bratislava (Slovensko)
|2 SNKPH
|9 14568
|
| 655 |
|
7 |
|a články z novín a časopisov
|2 snkbucl
|9 267496
|
| 773 |
0 |
|
|t História
|g Roč. 4, č. 7-8 (2004), s. 38
|x 1335-8316
|
| 850 |
|
|
|a Slovenská národná knižnica
|
| 852 |
|
|
|a Slovenská národná knižnica
|
| 954 |
|
|
|a odborná, vedecká literatúra pôvodná (slovenská)
|2 lita
|
| 958 |
|
|
|a article13
|
| 958 |
|
|
|a BC
|
| 958 |
|
|
|a IT
|
| 958 |
|
|
|a LX
|
| 958 |
|
|
|a OND
|
| 958 |
|
|
|a EUIPO
|
| 992 |
|
|
|a RBX
|
| 999 |
|
|
|c 3190291
|d 3192221
|